[Event "ITA-ch C"]
[Site "Civitanova Marche"]
[Date "2012.07.17"]
[Round "3"]
[White "Santeramo, Alessia Carmen"]
[Black "Quattrini, Massimo"]
[Result "1-0"]
[WhiteElo "1834"]
[BlackElo "1944"]
[PlyCount "49"]
[EventDate "2012.07.15"]
[EventType "swiss"]
[EventRounds "8"]
[EventCountry "ITA"]
[SourceTitle "EXT 2023"]
[Source "ChessBase"]
[SourceDate "2022.10.05"]
[SourceVersion "1"]
[SourceVersionDate "2022.10.05"]
[SourceQuality "1"]

1. e4 c5 2. Nf3 Nc6 3. Bb5 g6 4. 0-0 Bg7 5. c3 Nf6 6. Re1 0-0 7. h3 d6 8. d4 cxd4 9. Nxd4 Nxd4 10. cxd4 Bd7 11. Bc4 Rc8 12. Bb3 Qc7 13. Nc3 a5 14. Bg5 Bc6 15. Rc1 Qb8 16. e5 dxe5 17. dxe5 Rfd8 18. Qe2 Nd5 19. Nxd5 Bxd5 20. Bxe7 Rxc1 21. Rxc1 Re8 22. Bd6 Qxd6 23. exd6 Rxe2 24. Rc8+ Bf8 25. d7 1-0

[Event "ITA-ch C"]
[Site "Civitanova Marche"]
[Date "2012.07.16"]
[Round "2"]
[White "Quattrini, Massimo"]
[Black "Nassetti, Francesco"]
[Result "1-0"]
[WhiteElo "1944"]
[BlackElo "1843"]
[PlyCount "83"]
[EventDate "2012.07.15"]
[EventType "swiss"]
[EventRounds "8"]
[EventCountry "ITA"]
[SourceTitle "EXT 2023"]
[Source "ChessBase"]
[SourceDate "2022.10.05"]
[SourceVersion "1"]
[SourceVersionDate "2022.10.05"]
[SourceQuality "1"]

1. e4 c6 2. d4 d5 3. exd5 cxd5 4. Bd3 Nc6 5. c3 g6 6. Bf4 Bg7 7. Nf3 Nf6 8. Nbd2 0-0 9. 0-0 Qb6 10. Qb3 Qxb3 11. axb3 Nh5 12. Bg5 e5 13. Nxe5 Nxe5 14. dxe5 h6 15. Be3 g5 16. Rxa7 Rxa7 17. Bxa7 Bxe5 18. Re1 Bf4 19. Nf3 Bg4 20. Be3 Bxf3 21. gxf3 Ra8 22. c4 Rd8 23. Bb6 Rd6 24. Re8+ Kg7 25. Bd4+ Nf6 26. c5 Re6 27. Rxe6 fxe6 28. b4 Kf7 29. b5 e5 30. Be3 Ke6 31. b4 Kd7 32. b6 d4 33. Bxf4 exf4 34. Be4 Kc8 35. Kf1 Kb8 36. Ke2 Nxe4 37. fxe4 g4 38. b5 h5 39. e5 h4 40. e6 Kc8 41. c6 d3+ 42. Kxd3 1-0